Heterosis for growth and test tap yield in Wickham x Amazonian hybrids of Hevea brasiliensis (Record no. 60286)

MARC details
000 -LEADER
fixed length control field 00538nam a2200169Ia 4500
100 ## - MAIN ENTRY--AUTHOR NAME
Personal name Sankariammal L
245 #0 - TITLE STATEMENT
Title Heterosis for growth and test tap yield in Wickham x Amazonian hybrids of Hevea brasiliensis
260 ## - PUBLICATION, DISTRIBUTION, ETC. (IMPRINT)
Name of publisher International Workshop on Rubber Tree Breeding, IRRDB, Brazil, 4-7 April 2011
650 ## - SUBJECT ADDED ENTRY--TOPICAL TERM
Topical Term Biotic/Abiotic stresses
650 ## - SUBJECT ADDED ENTRY--TOPICAL TERM
Topical Term Evalution
650 ## - SUBJECT ADDED ENTRY--TOPICAL TERM
Topical Term Heterosis
650 ## - SUBJECT ADDED ENTRY--TOPICAL TERM
Topical Term Utilization
650 ## - SUBJECT ADDED ENTRY--TOPICAL TERM
Topical Term Wild germplasm
700 ## - ADDED ENTRY--PERSONAL NAME
Personal name Mydin K K
942 ## - ADDED ENTRY ELEMENTS (KOHA)
Koha item type Journals
Holdings
Withdrawn status Lost status Damaged status Not for loan Home library Current library Shelving location Date acquired Koha item type
      Journals RRII Library RRII Library Botany 03/08/2011 Journals